Robotics: For the students of B Tech, B E and B Sc (Engg) (Record no. 397154)
[ view plain ]
| 000 -LEADER | |
|---|---|
| fixed length control field | 00500 a2200193 4500 |
| 005 - DATE & TIME | |
| control field | 20260406162930.0 |
| 008 - FIXED-LENGTH DATA ELEMENTS--GENERAL INFORMATION | |
| fixed length control field | 260406b |||||||| |||| 00| 0 eng d |
| 020 ## - ISBN | |
| International Standard Book Number | 9789358706161 |
| Price | Rs. 250.00 |
| 040 ## - CATALOGING SOURCE | |
| Original cataloging agency | VIVEKANANDA LIBRARY |
| 082 ## - DDC NUMBER | |
| Classification number | 629.892 |
| Book Number | R137R |
| 100 ## - MAIN ENTRY--PERSONAL NAME | |
| Personal name | Ranjan, Chikesh |
| 245 ## - TITLE STATEMENT | |
| Title | Robotics: For the students of B Tech, B E and B Sc (Engg) |
| 260 ## - PUBLICATION, DISTRIBUTION, ETC. (IMPRINT) | |
| Name of publisher, distributor, etc | S Chand |
| Date of publication, distribution, etc | 2024 |
| Place of publication, distribution, etc | Noida |
| 300 ## - PHYSICAL DESCRIPTION | |
| Pages | xv, 195 |
| 650 ## - Subject | |
| Subject | Engineering |
| 650 ## - Subject | |
| Subject | Robots |
| 700 ## - Added Entry Personal Name | |
| Added Entry Personal Name | Kaushik Kumar |
| 942 ## - ADDED ENTRY ELEMENTS (KOHA) | |
| Koha item type | Books |
| Withdrawn status | Lost status | Source of classification or shelving scheme | Damaged status | Not for loan | Location (home branch) | Sublocation or collection (holding branch) | Shelving location | Date acquired | Koha issues (times borrowed) | Koha full call number | Accession No. | Koha date last seen | Koha item type |
|---|---|---|---|---|---|---|---|---|---|---|---|---|---|
| Dewey Decimal Classification | VIVEKANANDA LIBRARY | VIVEKANANDA LIBRARY | Vivekananda Library | 18/03/2026 | 629.892 R137R | 438797 | 18/03/2026 | Books | |||||
| Dewey Decimal Classification | VIVEKANANDA LIBRARY | VIVEKANANDA LIBRARY | Vivekananda Library | 18/03/2026 | 629.892 R137R | 438795 | 18/03/2026 | Books | |||||
| Dewey Decimal Classification | VIVEKANANDA LIBRARY | VIVEKANANDA LIBRARY | Vivekananda Library | 18/03/2026 | 629.892 R137R | 438796 | 18/03/2026 | Books | |||||
| Dewey Decimal Classification | VIVEKANANDA LIBRARY | VIVEKANANDA LIBRARY | Vivekananda Library | 18/03/2026 | 629.892 R137R | 438794 | 18/03/2026 | Books | |||||
| Dewey Decimal Classification | VIVEKANANDA LIBRARY | VIVEKANANDA LIBRARY | Vivekananda Library | 18/03/2026 | 1 | 629.892 R137R | 438793 | 16/04/2026 | Books |
